Revista jurídica dominicana : (Registro nro. 1937)

Detalles MARC
000 -LEADER
campo de control de longitud fija 00997nas a2200265 i 4500
001 - NÚMERO DE CONTROL
campo de control 1937
003 - IDENTIFICADOR DE NÚMERO DE CONTROL
campo de control ES-MaACL
005 - FECHA Y HORA DE LA ÚLTIMA TRANSACCIÓN
campo de control 20250819081832.0
007 - CAMPO FIJO DE DESCRIPCIÓN FÍSICA--INFORMACIÓN GENERAL
campo de control de longitud fija t|
008 - DATOS DE LONGITUD FIJA--INFORMACIÓN GENERAL
campo de control de longitud fija 950801c1938 dr | | 1 ||pa d
080 ## - NÚMERO DE LA CLASIFICACIÓN DECIMAL UNIVERSAL
Número de la Clasificación Decimal Universal 34
245 00 - MENCIÓN DEL TÍTULO
Título Revista jurídica dominicana :
Resto del título órgano de la Procuraduría General de la República : [publicación trimestral de divulgación jurídica editada por la Procuraduría General de la República] /
Mención de responsabilidad, etc. [dir., José E. García Aybar].
260 ## - PUBLICACIÓN, DISTRIBUCIÓN, ETC.
Lugar de publicación, distribución, etc. Ciudad Trujillo :
Nombre del editor, distribuidor, etc. Ed. del Caribe,
Fecha de publicación, distribución, etc. 1938-
300 ## - DESCRIPCIÓN FÍSICA
Extensión 3 v. ;
Dimensiones 23 cm.
310 ## - PERIODICIDAD ACTUAL
Periodicidad actual Trimestral
362 0# - FECHAS DE PUBLICACIÓN Y/O DESIGNACIÓN SECUENCIAL
Fecha de publicación y/o designación secuencial Año I (1938)-
650 17 - PUNTO DE ACCESO ADICIONAL DE MATERIA--TÉRMINO DE MATERIA
Término de materia o nombre geográfico como elemento de entrada Derecho
Fuente del encabezamiento o término embne
9 (RLIN) 11602
655 #7 - TERMINO DE INDIZACIÓN--GENERO/FORMA
Fuente del término tgfbne
9 (RLIN) 226866
Datos o término principal de género/forma Revistas
700 1# - ENTRADA AGREGADA--NOMBRE PERSONAL
Nombre de persona García Aybar, José E,
9 (RLIN) 194323
710 1# - ENTRADA AGREGADA--NOMBRE DE ENTIDAD CORPORATIVA
Nombre de entidad corporativa o nombre de jurisdicción como elemento de entrada República Dominicana.
Unidad subordinada Procuraduría General de la República
9 (RLIN) 165418
852 ## - LOCALIZACIÓN
Ubicación ES-MaACL
Número de control de estantería HEM-H-333
Signatura antigua Olim: Hem-1498
itemnumber 1976
Ubicación en estantería Hemeroteca
866 #0 - MENCIÓN TEXTUAL DE FONDOS--UNIDAD BIBLIOGRÁFICA BÁSICA
Fondos (1953)1954(1955-56)1957-58(1959f.n.70-71)(1960).
942 ## - ELEMENTOS DE ENTRADA SECUNDARIOS (KOHA)
Fuente del sistema de clasificación o colocación Clasificación decimal universal
Existencias
Estatus retirado Estado de pérdida Fuente del sistema de clasificación o colocación Estado de daño No para préstamo Colección Biblioteca de origen Biblioteca actual Ubicación en estantería Fecha de adquisición Total de préstamos Signatura topográfica completa Código de barras Visto por última vez Precio de reemplazo Tipo de ítem Koha
    Clasificación decimal universal     Periódicos y Revistas Biblioteca del Ateneo de Madrid Biblioteca del Ateneo de Madrid Hemeroteca 17/01/2008   HEM-H-333 1001976 23/02/2023 23/02/2023 Revista